| 000 | 00593nam a22001577a 4500 | ||
|---|---|---|---|
| 999 |
_c61200 _d61200 |
||
| 005 | 20231229164748.0 | ||
| 008 | 231229s1956 ru ||||| |||| 00| 0 rus d | ||
| 041 | _arus | ||
| 080 | _a94(3)(093.3) X-91 | ||
| 245 |
_aХрестоматия по истории древнего мира / _cПод ред. В.В. Струве. |
||
| 264 |
_a М.: _bУчпедгиз, _c1950. |
||
| 300 |
_a343 c.: _b23 cm. |
||
| 653 | _aანტიკური სამყაროს ისტორია | ||
| 700 |
_aСтруве, В.В. _eრედაქტორი _920946 |
||
| 942 |
_2udc _cᲬᲘᲒᲜᲘ |
||